Stárnutí obyvatel České republiky a vývoj zatížení produktivní populace /

Hlavní autor: Dufek, Jaroslav
Korporativní autor: Mendelova zemědělská a lesnická univerzita. Fakulta regionálního rozvoje a mezinárodních studií
Další autoři: Minařík, Bohumil, 1949-
Jazyk: Čeština
Vydáno: Brno : Mendelova zemědělská a lesnická univerzita v Brně, 2008
Vydání: 1. vyd.
Témata:
Externí odkaz: Digitalizovaný dokument
Fyzický popis: 80 s. : il. ; 25 cm
Knihy
Uloženo v:
LEADER 02337nam a2200553 a 4500
001 nkc20091861435
003 CZ PrNK
005 20090611133607.0
007 ta
008 090414s2008 xr a f 000 0 cze
015 |a cnb001861435 
020 |a 978-80-7375-253-8  |q (brož.) 
035 |a (OCoLC)321044034 
040 |a ABA001  |b cze 
043 |a e-xr---  |a e------ 
072 7 |a 314  |x Demografie. Populace  |2 Konspekt  |9 18 
080 |a 314.116  |2 MRF 
080 |a 33  |2 MRF 
080 |a 304  |2 MRF 
080 |a (437.3)  |2 MRF 
080 |a (4)  |2 MRF 
080 |a (048.8)  |2 MRF 
100 1 |a Dufek, Jaroslav  |7 jx20040721022  |4 aut 
245 1 0 |a Stárnutí obyvatel České republiky a vývoj zatížení produktivní populace /  |c Jaroslav Dufek, Bohumil Minařík 
250 |a 1. vyd. 
260 |a Brno :  |b Mendelova zemědělská a lesnická univerzita v Brně,  |c 2008 
300 |a 80 s. :  |b il. ;  |c 25 cm 
500 |a Nad názvem: Mendelova zemědělská a lesnická univerzita v Brně, Fakulta regionálního rozvoje a mezinárodních studií 
500 |a 500 výt. 
504 |a Obsahuje bibliografii 
500 |a Dostupné též v digitální podobě v aplikaci Kramerius 
650 0 7 |a stárnutí obyvatelstva  |7 ph137522  |z Česko  |2 czenas 
650 0 7 |a stárnutí obyvatelstva  |7 ph137522  |z země Evropské unie  |2 czenas 
650 0 7 |a stárnutí obyvatelstva  |7 ph137522  |x ekonomické aspekty  |2 czenas 
650 0 7 |a stárnutí obyvatelstva  |7 ph137522  |x sociální aspekty  |2 czenas 
650 0 9 |a population aging  |z Czechia  |2 eczenas 
650 0 9 |a population aging  |z European Union countries  |2 eczenas 
650 0 9 |a population aging  |x economic aspects  |2 eczenas 
650 0 9 |a population ageing  |x social aspects  |2 eczenas 
655 7 |a monografie  |7 fd132842  |2 czenas 
655 9 |a monographs  |2 eczenas 
700 1 |a Minařík, Bohumil,  |d 1949-  |7 mzk2003202253  |4 aut 
710 2 |a Mendelova zemědělská a lesnická univerzita.  |b Fakulta regionálního rozvoje a mezinárodních studií  |7 kn20090421022 
856 4 1 |u http://www.digitalniknihovna.cz/mzk/uuid/uuid:ee4dbd30-3cea-11ee-8dfc-005056827e51  |y Digitalizovaný dokument  |x NDK 
910 2 |a BOA001  |b 3-1221.454 
990 |a BK 
995 |a 01 
991 |b 200904  |c NOV 
996 6 |b 2610374261  |c 3-1221.454  |l MZK  |r Sklad / do 1 hodiny  |n 28  |p p.v.  |w 000935245  |u 000010  |a 1  |e BOA001  |j MZK50  |s P